00429nam a22001457a 450000500170000000800410001702000180005804000180007605000200009410000240011424500740013826000350021230000240024765000120027120240524075849.0240524b |||||||| |||| 00| 0 eng d a9781409126577 aKMUcKMUdKMU aPR 6103.L35 J45 aClannachan, Lezanne aJellybird :bFirst love is a dangerous thing /cBy Lezanne Clannachan aLondon :bOrion Books ,c2013. a424 pages ;c22 cm. aFiction